Las psicosis y el autismo en la clínica actual /

Na minha lista:
Detalhes bibliográficos
Outros Autores: Iriarte Pérez, Luis (compilador.), Solano-Suárez, Esthela (prólogo.), Miller, Jacques-Alain (autor.), Laurent, Éric (autor.), Aflalo, Agnès (autora.)
Formato: livro eletrônico
Idioma:espanhol
Publicado em: Barcelona (España) : Pensódromo, 2024.
coleção:Otra Internacional.
Assuntos:
Acesso em linha:https://elibro.unach.elogim.com/es/lc/unach/titulos/288135
Tags: Adicionar Tag
Sem tags, seja o primeiro a adicionar uma tag!

MARC

LEADER 00000nam a2200000 i 4500
001 ELB288135
003 FINmELB
005 20251022150000.5
006 m o d |
007 cr cnu||||||||
008 251025s2024 sp o 001 0 spa d
020 |a 9788412804249  |q (e-book) 
020 |a 9791399050066  |q (print) 
035 |a (OCoLC)1553197983 
040 |a FINmELB  |b spa  |e rda  |c FINmELB 
050 4 |a RC512  |b P974 2024 
080 |a 616.89 
082 0 4 |a 616.89  |2 23 
245 0 4 |a Las psicosis y el autismo en la clínica actual /  |c Luis Iriarte Pérez (compilador) ; Jacques-Alain Miller, Éric Laurent, Agnès Aflalo, Vilma Cocco, Juan Pablo Lucchelli, José Altamirano Valladares, Quentin Dumoulin, Jean-Claude Maleval, José María Álvarez, Héctor García de Frutos, Daniel Millas, Dalila Arpin, Erick González, Piedad Ortega de Spurrier, Julia Avilés Arévalo, Paola J. González Castro, Luis Darío Salamone, Pierre Bonny, Michel Grollier, François Sauvagnat, Léa Bouvier, Luis Iriarte Pérez, Yohan Trichet, Myriam Chérel, Clotilde Leguil, Emilio Vaschetto, Oscar Zack. 
264 1 |a Barcelona (España) :  |b Pensódromo,  |c 2024. 
300 |a 1 recurso en línea (622 páginas) 
336 |a texto  |b txt  |2 rdacontent/spa 
337 |a computadora  |b c  |2 rdamedia/spa 
338 |a recurso en línea  |b cr  |2 rdacarrier/spa 
490 1 |a La Otra Internacional 
500 |a Incluye índice. 
500 |a Incluye notas. 
588 |a Descripción basada en metadatos suministrados por el editor y otras fuentes. 
590 |a Recurso electrónico. Santa Fe, Arg.: elibro, 2025. Disponible vía World Wide Web. El acceso puede estar limitado para las bibliotecas afiliadas a elibro. 
650 4 |a Psicosis  |x Tratamiento. 
650 4 |a Autismo  |x Tratamiento. 
655 4 |a Libros electrónicos. 
700 1 |a Iriarte Pérez, Luis,  |e compilador. 
700 1 |a Solano-Suárez, Esthela,  |e prólogo. 
700 1 |a Miller, Jacques-Alain,  |e autor. 
700 1 |a Laurent, Éric,  |e autor. 
700 1 |a Aflalo, Agnès,  |e autora. 
797 2 |a elibro, Corp. 
830 0 |a Otra Internacional. 
856 4 0 |u https://elibro.unach.elogim.com/es/lc/unach/titulos/288135